21世紀千葉ロッテマリーンズの外国人選手 - Statistics

General Stats
  • This quiz has been taken 161 times
  • The average score is 29 of 89
Answer Stats
Hint 選手名 在籍 % Correct
内野手 ネフタリ・ソト 2024~
91%
外野手 グレゴリー・ポランコ 2023~
87%
内野手 ブランドン・レアード 2019~22
81%
外野手 レオネス・マーティン 2019~22
76%
育成 アンディ・マーティン(外野手) 2024~
76%
内野手 マット・フランコ 2004~06
69%
内野手 李承燁 2004~05
67%
外野手 ベニー・アグバヤニ 2004~09
67%
投手 タイロン・ゲレーロ 2022, 25~
67%
投手 オースティン・ボス 2025~
64%
外野手 アルフレド・デスパイネ 2014~16
61%
内野手 金泰均 2010~11
58%
外野手 ロエル・サントス 2017
57%
育成 エドワード・サントス(投手) 2020
57%
育成 サンディ・サントス(外野手) 2021~22
57%
内野手 アデイニー・エチェバリア 2021~22
56%
投手 マイク・ボルシンガー 2018~19
53%
内野手 フリオ・ズレータ 2007~08
48%
内野手 ルイス・クルーズ 2014~15
48%
内野手 ウィリー・モー・ペーニャ 2017
48%
内野手 ホセ・フェルナンデス 2003
46%
投手 C. C. メルセデス 2023~24
46%
投手 ロベルト・オスナ 2022
45%
投手 ジュニオール・フェルナンデス 2024
45%
投手 陳冠宇 2015~20
44%
内野手 マット・ダフィー 2017
44%
内野手 ジミー・パラデス 2017
44%
投手 ブライアン・シコースキー 2001~03, 08~09
43%
内野手 クレイグ・ブラゼル 2013~14
43%
投手 陳偉殷 2020
43%
投手 ブライアン・サモンズ 2025~
43%
内野手 ホセ・カスティーヨ 2011
41%
投手 セス・グライシンガー 2012~14
41%
内野手 ヤマイコ・ナバーロ 2016
41%
投手 ルイス・カスティーヨ 2023
41%
内野手 フランク・ボーリック 1999~02
38%
投手 ルイス・ペルドモ 2023
37%
投手 ダン・セラフィニ 2004~05
36%
内野手 ケニス・バルガス 2019
36%
内野手 ジョシュ・ホワイトセル 2012~13
35%
外野手 チャッド・ハフマン 2014~15
34%
育成 スティベン・アセベド(外野手) 2025~
34%
内野手 マイク・ブロッソー 2023
33%
投手 ダラス・カイケル 2024
33%
投手 カルロス・ロサ 2011~15
32%
投手 李大恩 2015~16
31%
内野手 ホセ・オーティズ 2007~08
30%
投手 ジェイソン・スタンリッジ 2016~17
30%
投手 ジェイ・ジャクソン 2020
29%
外野手 デリック・メイ 2001~03
28%
外野手 ヴァル・パスクチ 2005~06
28%
外野手 フアン・カルロス・ムニス 2009~10
28%
内野手 ロバート・ローズ 2003
25%
投手 ヘイデン・ペン 2010~12
24%
投手 ディッキー・ゴンザレス 2013
24%
内野手 マット・ドミンゲス 2018
23%
投手 ネイサン・ミンチー 2001~04
22%
内野手 リック・ショート 2003
21%
投手 ビル・マーフィー 2010~11
21%
投手 ジェームス・ダイクストラ 2024
21%
投手 ジミー・コルデロ 2024
21%
内野手 ゲイリー・バーナムJr. 2009
21%
投手 エンニー・ロメロ 2021~22
20%
投手 フランク・ハーマン 2020~21
17%
投手 ブランドン・マン 2019
16%
投手 タナー・シェッパーズ 2018
15%
投手 ウィル・レデズマ 2012~13
14%
投手 エドガー・オルモス 2018
14%
外野手 マット・ワトソン 2006~07
13%
内野手 フランシスコ・ペゲーロ 2018
13%
投手 ブライアン・コーリー 2010
12%
投手 ホセ・フローレス 2020~21
12%
内野手 チェイス・ランビン 2009
11%
投手 ジョシュ・レイビン 2019
9%
投手 ジャスティン・ミラー 2006
8%
投手 ケビン・バーン 2006
6%
投手 ボブ・マクローリー 2011
6%
育成 ホルヘ・ペラルタ(外野手) 2021~22
6%
育成 シェルテン・アポステル(内野手) 2023
6%
投手 ウィンストン・アブレイユ 2008
5%
投手 白嗟承 2015
5%
育成 ホセ・アコスタ(投手) 2020~21
5%
育成 エルウィン・パラシオス(投手) 2025~
5%
投手 ダグ・マシス 2012
3%
投手 ジェフ・クベンカ 2001
2%
投手 呉偲佑 2007~08
1%
育成 林彦峰(投手) 2010~11
1%
育成 ダリットソン・フェリス(投手) 2023
1%
育成 蔡森夫(内野手) 2011~12
0%
No matching quizzes found
Score Distribution
Percent of People with Each Score
Percentile by Number Answered
Your Score History
You have not taken this quiz